Pokemon by picture - Statistics

General Stats
  • This quiz has been taken 36 times
  • The average score is 14 of 16
Answer Stats
Picture Answer % Correct
Pikachu
100%
Charizard
93%
Gengar
93%
Eevee
89%
Lucario
89%
Mew
89%
Mewtwo
89%
Ditto
86%
Gardevoir
86%
Jynx
86%
Lapras
86%
Ninetales
86%
Onix
86%
Poliwag
86%
Psyduck
86%
Rhyhorn
82%
No matching quizzes found
Score Distribution
Percent of People with Each Score
Percentile by Number Answered
Your Score History
You have not taken this quiz